000
00330nam a22001337a 4500
008
170714b xxu||||| |||| 00| 0 eng d
020
_a
0030115078
041
_a
eng
080
_a
038
100
_a
24
101
_a
FJA
245
_a
ENCYCLOPEDIA AND DICTIONARY OF MEDICINE, NURSING, AND ALLIED HEALTH
_c
MILLER
942
_2
udc
_c
BK
999
_c
20931
_d
20931